Triết lý chính trị Trung Hoa cổ đại và và vấn đề nhà nước pháp quyền : Suy ngẫm, tham chiếu và gợi mở

Sách đề cập đến các vấn đề về nhà nước và pháp quyền trên cơ sở phân tích, so sánh các tư liệu về các chủ thuyết chính trị Trung Hoa cổ đại. nhằm hoàn thiện cơ sở lý luận, thực tiễn, góp phần xây dựng nhà nước pháp quyền xã họ...

ver descrição completa

Na minha lista:
Detalhes bibliográficos
Autor principal: Bùi, Ngọc Sơn
Formato: Livro
Idioma:Undetermined
Publicado em: Hà Nội Tư pháp 2004
Assuntos:
Tags: Adicionar Tag
Sem tags, seja o primeiro a adicionar uma tag!
Thư viện lưu trữ: Trung tâm Học liệu Trường Đại học Cần Thơ
LEADER 01125nam a2200229Ia 4500
001 CTU_119537
008 210402s9999 xx 000 0 und d
020 |c 27000 
082 |a 951 
082 |b S464 
100 |a Bùi, Ngọc Sơn 
245 0 |a Triết lý chính trị Trung Hoa cổ đại và và vấn đề nhà nước pháp quyền : 
245 0 |b Suy ngẫm, tham chiếu và gợi mở 
245 0 |c Bùi Ngọc Sơn 
260 |a Hà Nội 
260 |b Tư pháp 
260 |c 2004 
520 |a Sách đề cập đến các vấn đề về nhà nước và pháp quyền trên cơ sở phân tích, so sánh các tư liệu về các chủ thuyết chính trị Trung Hoa cổ đại. nhằm hoàn thiện cơ sở lý luận, thực tiễn, góp phần xây dựng nhà nước pháp quyền xã hội chủ nghĩa ở Việt Nam. 
650 |a State and governement,History 
650 |z China,China 
904 |i Tuyến 
980 |a Trung tâm Học liệu Trường Đại học Cần Thơ